Super Mario 64 - Courses with Metal Caps - Statistics

General Stats
  • This quiz has been taken 20 times
  • The average score is 5 of 7
Answers on the Grid
Answers color-coded by a green-red scale on the quiz's grid according to % correct below.
Bob-omb Battlefield
Whomp's Fortress
Jolly Roger Bay
Cool, Cool Mountain
Big Boo's Haunt
Hazy Maze Cave
Lethal Lava Land
Shifting Sand Land
Dire, Dire Docks
Snowman's Land
Wet-Dry World
Tall, Tall Mountain
Tiny-Huge Island
Tick Tock Clock
Rainbow Ride
The Princess's Secret Slide
Secret Aquarium
Tower of the Wing Cap
Cavern of the Metal Cap
Vanish Cap Under the Moat
Wing Mario Over the Rainbow
Bowser in the Dark World
Bowser in the Fire Sea
Bowser in the Sky
The Castle
 
Answer Stats
Answer % Correct
Jolly Roger Bay
93%
Cavern of the Metal Cap
86%
Hazy Maze Cave
86%
Dire, Dire Docks
79%
Whomp's Fortress
71%
Bowser in the Dark World
64%
Wet-Dry World
64%
No matching quizzes found
Score Distribution
Percent of People with Each Score
Percentile by Number Answered
Your Score History
You have not taken this quiz